000 00478cam a2200193ua 4500
001 10206
008 171011n ii |||gr||||Z||||||asm
020 _a9789382030393
040 _cMAIN
041 _aasm
082 _a336
100 _aAhmed, Rofique,
_eAuthor.
245 _aPublic economics :
_bpolicy issues (A) /
_cBy Rofique Ahmed .
250 _a4th ed.
260 _aJorhat:
_bUnika prakashan,
_c2016.
300 _a416p.
653 _aPublic finance
942 _cBK
999 _c9203
_d9203